Statistics for Air Canada 787 Fleet by FIN Number

Click here to take the quiz!

General Stats

  • This quiz has been taken 16 times
  • The average score is 26 of 35

Answer Stats

FINREG (C-XXXX)% Correct
831FNOE
100%
836FGDX
80%
837FGDZ
80%
838FGEI
80%
839FGEO
80%
840FGFZ
80%
832FNOG
80%
833FNOH
80%
834FNOI
80%
841FPQB
80%
844FRSA
80%
845FRSE
80%
846FRSI
80%
847FRSO
80%
848FRSR
80%
849FRTG
80%
850FRTU
80%
851FRTW
80%
801GHPQ
80%
802GHPT
80%
803GHPU
80%
804GHPV
80%
805GHPX
80%
806GHPY
80%
807GHQQ
80%
808GHQY
80%
843FKSV
60%
852FSBV
60%
854FVLU
60%
855FVLX
60%
856FVLZ
60%
857FVNB
60%
835FGDT
40%
842FGHZ
40%
853FVLQ
40%

Score Distribution

Percentile by Number Answered

Percent of People with Each Score

Your Score History

You have not taken this quiz